000 00658nam a2200241Ia 4500
003 OSt
005 20221005040920.0
006 a|||||r|||| 00| 0
007 ta
008 221004b |||||||| |||| 00| 0 eng d
024 _a71551
037 _cTextual
040 _aCRL
_cCRL
_beng
041 _2eng
_aeng
082 _aY41(J).295k, M9
100 _aCrooke William
245 0 _aGlossary of North Indian peasant life Ed by Shahid Amin
260 _aDelhi
_bOxford University India
_c1989
300 _a1i, 290p
_ccm.
650 _aSOCIOLOGY
942 _hY41(J).295k, M9
_cTEXL
_2cc
999 _c947692
_d947692